Central Library OPAC University of Rajshahi

The origins of modern town planning / (Record no. 16797)

MARC details
000 -LEADER
fixed length control field 00855cam a22002651 4500
001 - CONTROL NUMBER
control field 16797
003 - CONTROL NUMBER IDENTIFIER
rucl marc code BD-RjUL
005 - DATE AND TIME OF LATEST TRANSACTION
control field 20211209000042.0
008 - FIXED-LENGTH DATA ELEMENTS--GENERAL INFORMATION
fixed length control field 140215s1967 mauabeh b 001 0 eng
035 ## - SYSTEM CONTROL NUMBER
System control number (BD-RjUL)16852
040 ## - CATALOGING SOURCE
Original cataloging agency DLC
Transcribing agency DLC
Modifying agency DLC
Language of cataloging eng
041 1# - LANGUAGE CODE
Language code of text/sound track or separate title engita
082 00 - DEWEY DECIMAL CLASSIFICATION NUMBER
Classification number 711.409
Author mark and year BEO 1967
100 1# - MAIN ENTRY--PERSONAL NAME
Personal name Benevolo, Leonardo.
9 (RLIN) 51867
245 14 - TITLE STATEMENT
Title The origins of modern town planning /
Statement of responsibility, etc. Translated by Judith Landry.
260 ## - PUBLICATION, DISTRIBUTION, ETC. (IMPRINT)
Place of publication, distribution, etc. Cambridge, Mass. :
Name of publisher, distributor, etc. M.I.T. Press,
Date of publication, distribution, etc. 1967
300 ## - PHYSICAL DESCRIPTION
Pagination xiv, 154 p. :
Illustrations illus., facsims., maps, plans. ;
Size 23 cm.
500 ## - GENERAL NOTE
General note Translation of Le origini dell'urbanistica moderna.
504 ## - BIBLIOGRAPHY, ETC. NOTE
Bibliography, etc Includes Index and bibliographical references.
650 #0 - SUBJECT ADDED ENTRY--TOPICAL TERM
Topical term or geographic name as entry element City planning
General subdivision History.
9 (RLIN) 51868
942 ## - ADDED ENTRY ELEMENTS (KOHA)
Source of classification or shelving scheme Dewey Decimal Classification
Koha item type Books
Holdings
Lost status Source of classification or shelving scheme Damaged status Not for loan Collection code Permanent Location Current Location Shelving location Date acquired Source of acquisition Cost, normal purchase price Total Checkouts Full call number Date last seen Copy number Koha item type
  Dewey Decimal Classification   Not For Loan Non-fiction Central Library, University of Rajshahi Central Library, University of Rajshahi Reading Room 05/01/1972 Zeitlinger 55.00   711.409 BEO 1967 15/02/2014 C-2 Books